• 首页
  • 本馆介绍
  • 公告通知
  • 最新文献
  • 馆藏检索
  • 电子资源
  • 读者导购
  • 参考咨询
  • 我的图书馆
  • 登录
  • 详细信息显示
  • 放入我的书架
  • 预约/预借图书
  • 作者相关作品
  • 分类相关作品
  • 丛书相关作品
  • 出版社相关作品

书目信息

  • 表格格式
  • 工作单格式
  • 卡片格式
题名:
中国乡村旅游发展模式与政策保障研究
    
 
作者: 张树民 著
分册:  
出版信息: 北京   中国旅游出版社  2014.02
页数: 286页
开本: 23cm
丛书名: 旅游理论与实践前沿丛书
单 册:
中图分类: F592.3 , F592.0
科图分类:
主题词: 乡村--旅游业--经济发展模式--研究--中国 , 乡村--旅游业--方针政策--研究--中国 , 乡村 , 旅游业 , 经济发展模式 , 方针政策
电子资源:
ISBN: 978-7-5032-4925-9
000 01280oam2 2200337 450
001 0120141265151
005 20140528103807.81
010    @a978-7-5032-4925-9@dCNY39.80
100    @a20140402d2014 em y0chiy0110 ea
101 0  @achi
102    @aCN@b110000
105    @aabk z 000yy
106    @ar
200 1  @a中国乡村旅游发展模式与政策保障研究@9zhong guo xiang cun lu^ you fa zhan mo shi yu zheng ce bao zhang yan jiu@f张树民著
210    @a北京@c中国旅游出版社@d2014.02
215    @a286页@c图,地图@d23cm
225 2  @a旅游理论与实践前沿丛书
330    @a本书提出了基于系统结构的中国乡村旅游发展的模式,从乡村旅游产业演化、相关利益主体对政策的影响和作用机制等方面进行中国乡村旅游政策研究,丰富了我国乡村旅游的理论研究,对我国乡村旅游产业的快速协调持续发展,以及破解发展中重点环节存在的问题具有较强的现实指导意义
333    @a乡村旅游发展相关研究人员
461  0 @12001 @a旅游理论与实践前沿丛书
606 0  @a乡村@x旅游业@x经济发展模式@x研究@y中国
606 0  @a乡村@x旅游业@x方针政策@x研究@y中国
606 0  @a乡村
606 0  @a旅游业
606 0  @a经济发展模式
606 0  @a方针政策
690    @aF592.3@v5
690    @aF592.0@v5
701  0 @a张树民@9zhang shu min@f(1973-)@4著
801  0 @aCN@b人天书店@c20140402
905    @b547703-06@dF592.3@e382@f4
    
    中国乡村旅游发展模式与政策保障研究/张树民著.-北京:中国旅游出版社,2014.02
    286页:图,地图;23cm.-(旅游理论与实践前沿丛书)
    使用对象:乡村旅游发展相关研究人员
    
    ISBN 978-7-5032-4925-9:CNY39.80
    本书提出了基于系统结构的中国乡村旅游发展的模式,从乡村旅游产业演化、相关利益主体对政策的影响和作用机制等方面进行中国乡村旅游政策研究,丰富了我国乡村旅游的理论研究,对我国乡村旅游产业的快速协调持续发展,以及破解发展中重点环节存在的问题具有较强的现实指导意义
●
相关链接 在E读中查询图书 在五车中查询图书 在当当中查询图书 在豆瓣中查询图书


正题名:中国乡村旅游发展模式与政策保障研究     索取号:F592.3/382         预约/预借

序号 登录号 条形码 馆藏地/架位号 状态 备注
1 547703   205477036   第一样本阅览室/ [索取号:F592.3/382] 在馆    
2 547704   205477045   第一借阅区/ [索取号:F592.3/382] 在馆    
3 547705   205477054   第一借阅区/ [索取号:F592.3/382] 在馆    
4 547706   205477063   第一借阅区/ [索取号:F592.3/382] 在馆    
欢迎您!
大连网信软件有限公司© 版权所有